| 000 | 00431cam a2200169ua 4500 | ||
|---|---|---|---|
| 020 | _c1.75 | ||
| 041 |
_amal _h |
||
| 082 |
_a894.812 _bDAM/DH |
||
| 100 | _aDamodaran, K. | ||
| 245 |
_aDharmika moolyangal / _cK Damodaran. _hTextual Documents |
||
| 260 |
_aKottayam : _bPrabhatham printing and publishing co. pvt. ltd. , _c1965. |
||
| 300 | _a78 ; . | ||
| 365 | _a1.75 | ||
| 504 | _a | ||
| 942 | _cBK | ||
| 999 |
_c6326 _d6326 |
||